108 UPANISHADS SADHNA KHAND (Record no. 215280)
[ view plain ]
| 000 -LEADER | |
|---|---|
| fixed length control field | 00379 a2200157 4500 |
| 003 - CONTROL NUMBER IDENTIFIER | |
| control field | OSt |
| 005 - DATE AND TIME OF LATEST TRANSACTION | |
| control field | 20221212172728.0 |
| 008 - FIXED-LENGTH DATA ELEMENTS--GENERAL INFORMATION | |
| fixed length control field | 221212b ||||| |||| 00| 0 eng d |
| 040 ## - CATALOGING SOURCE | |
| Transcribing agency | MU |
| 082 ## - DEWEY DECIMAL CLASSIFICATION NUMBER | |
| Edition number | SHA |
| 100 ## - MAIN ENTRY--PERSONAL NAME | |
| Personal name | SHARMA, SHRI RAM |
| 245 ## - TITLE STATEMENT | |
| Title | 108 UPANISHADS SADHNA KHAND |
| 260 ## - PUBLICATION, DISTRIBUTION, ETC. | |
| Name of publisher, distributor, etc. | BRIJBHOOMI BOOKS AND HANDICRAFTS |
| Date of publication, distribution, etc. | 2021 |
| Place of publication, distribution, etc. | MATHURA |
| 300 ## - PHYSICAL DESCRIPTION | |
| Extent | 360 |
| 942 ## - ADDED ENTRY ELEMENTS (KOHA) | |
| Source of classification or shelving scheme | Dewey Decimal Classification |
| Koha item type | Book |
| Withdrawn status | Lost status | Source of classification or shelving scheme | Damaged status | Not for loan | Home library | Current library | Shelving location | Date acquired | Source of acquisition | Cost, normal purchase price | Total Checkouts | Barcode | Date last seen | Cost, replacement price | Price effective from | Koha item type | Public note |
|---|---|---|---|---|---|---|---|---|---|---|---|---|---|---|---|---|---|
| Dewey Decimal Classification | Mewar University Central Library | Mewar University Central Library | Humanities | 10/12/2022 | 3 | 999.00 | H2518 | 10/12/2022 | 999.00 | 10/12/2022 | Book | Humanities and Fine Arts R-14 S-4 | |||||
| Dewey Decimal Classification | Mewar University Central Library | Mewar University Central Library | Humanities | 10/12/2022 | 3 | 999.00 | H2520 | 10/12/2022 | 999.00 | 10/12/2022 | Book | Humanities and Fine Arts R-14 S-4 | |||||
| Dewey Decimal Classification | Mewar University Central Library | Mewar University Central Library | Humanities | 10/12/2022 | 3 | 999.00 | H2517 | 10/12/2022 | 999.00 | 10/12/2022 | Book | Humanities and Fine Arts R-14 S-4 | |||||
| Dewey Decimal Classification | Mewar University Central Library | Mewar University Central Library | Humanities | 10/12/2022 | 3 | 999.00 | H2516 | 10/12/2022 | 999.00 | 10/12/2022 | Book | Humanities and Fine Arts R-14 S-4 | |||||
| Dewey Decimal Classification | Mewar University Central Library | Mewar University Central Library | Humanities | 10/12/2022 | 3 | 999.00 | H2519 | 10/12/2022 | 999.00 | 10/12/2022 | Book | Humanities and Fine Arts R-14 S-4 |